| 000 | 00740nam a2200193 a 4500 | ||
|---|---|---|---|
| 001 | 000237839 | ||
| 003 | AM-YeHGA | ||
| 005 | 20250618071612.0 | ||
| 008 | 030620s1939 ai 000 | arm d | ||
| 040 | _aAM-YeHGA | ||
| 100 | 1 | _aՊընուա, Բիէռ | |
| 245 | 1 | 0 |
_aԹորթոզայի տիրամայրը : _b(Հայուհիի մը արկածները Սուլթան Համիտի օրով) : [Վեպ] / _cԲիէռ Պընուա; Թարգմ.՝ Հրահատ. |
| 260 |
_aԳահիրէ : _bԱ. հ., _c1939. |
||
| 300 |
_a239 էջ ; _c19 սմ. |
||
| 650 | 1 | 4 |
_aՖրանսիական գրականություն _xՎեպ |
| 700 | 1 |
_aԱրամյան, Հակոբ Սահակի, _d1908-1955 _eթարգմ. _4trl _9973 |
|
| 942 |
_2udc _cBK |
||
| 090 | _c85435 | ||
| 999 |
_c84159 _d84159 |
||